Otsochodzi - Tarcho Terror - Statystyki

Ogólne statystyki
  • Ten quiz został rozwiązany 5 razy
  • Średni wynik to 12 z 16
Statystyki odpowiedzi
Tarcho Terror % Poprawnych
Poj*bane stany
100%
SMS
100%
KFC
80%
Paczkomat
80%
Pies Franek na auto-tune (Skit)
80%
Pomarańczowo
80%
Tarcho Terror
80%
Waka Flocka
80%
W dół
80%
Ceha Joint (Skit)
60%
Intro 2021
60%
Luty
60%
Robię taki rap od kilku lat na Tarchominie
60%
Taka praca
60%
WWA Melanż
60%
Z czym do ludzi?
40%
Nie znaleziono quizów pasujących do podanych kryteriów
Rozkład punktacji
Procent ludzi z każdym wynikiem
Percentyl według liczby udzielonych odpowiedzi
Twoja historia wyników
Nie rozwiązałeś tego quizu